Computer Aided Drafting And Modeling Lab (Record no. 348517)

MARC details
000 -LEADER
fixed length control field 00494nam a2200169Ia 4500
008 - FIXED-LENGTH DATA ELEMENTS--GENERAL INFORMATION
fixed length control field 230718s9999 xx 000 0 und d
020 ## - INTERNATIONAL STANDARD BOOK NUMBER
International Standard Book Number 9788183714365
041 ## - LANGUAGE CODE
Language code of text/sound track or separate title eng
082 ## - DEWEY DECIMAL CLASSIFICATION NUMBER
Classification number 670.28'54
Item number VEN
100 ## - MAIN ENTRY--PERSONAL NAME
Personal name Venugopal K.
245 ## - TITLE STATEMENT
Title Computer Aided Drafting And Modeling Lab
260 ## - PUBLICATION, DISTRIBUTION, ETC. (IMPRINT)
Date of publication, distribution, etc. 2017
Name of publisher, distributor, etc. Scitech Publications
300 ## - PHYSICAL DESCRIPTION
Extent 465
365 ## - TRADE PRICE
Currency code Rs.
Price amount 450.00
700 ## - ADDED ENTRY--PERSONAL NAME
Personal name Venugopal K.; Prabhu Raja V. & Sreekanjana G.
906 ## - LOCAL DATA ELEMENT F, LDF (RLIN)
d O:0612119-Sep-2018B:463320-Aug-2018
c MECH
b 1125
Holdings
Withdrawn status Lost status Damaged status Not for loan Home library Current library Date acquired Vendor Budget Code Cost, normal purchase price Bill number Total Checkouts Full call number Barcode Date last seen Discount Cost, replacement price Bill Date Koha item type Original Barcode
        Cummins College of Engineering for Women Pune Cummins College of Engineering for Women Pune 19/09/2018 Technical Book Services MECH 337.50 4633   670.28'54 CCEP-BK-59724 18/07/2023 1125 450.00 20/08/2018 Books 059724